Pohľadávky po lehote splatnosti finančno-ekonomické aspekty ich existencie a vysporiadania
Vysporiadanie sa s bremenom pohľadávok podnikateľských subjektov po lehote splatnosti. Pohľadávky ako súčasť obežného majetku podniku. Zreálnenie hodnoty majetku v podobe pohľadávok. Ilustračný príklad firmy a jej účtovnej závierky. Finančná situácia podniku a jej popis vybranými finančnými ukazovat...
Salvato in:
| Autore principale: | |
|---|---|
| Natura: | Capitolo di libro |
| Lingua: | slovacco |
| Soggetti: | |
| Tags: |
Nessun Tag, puoi essere il primo ad aggiungerne!!
|
MARC
| LEADER | 00000naa a2200000 4500 | ||
|---|---|---|---|
| 001 | r034999 | ||
| 005 | 20230912113115.4 | ||
| 041 | 0 | |a slo | |
| 044 | |a SK | ||
| 245 | 1 | 0 | |a Pohľadávky po lehote splatnosti |b finančno-ekonomické aspekty ich existencie a vysporiadania |c Jana Šnircová |
| 520 | |a Vysporiadanie sa s bremenom pohľadávok podnikateľských subjektov po lehote splatnosti. Pohľadávky ako súčasť obežného majetku podniku. Zreálnenie hodnoty majetku v podobe pohľadávok. Ilustračný príklad firmy a jej účtovnej závierky. Finančná situácia podniku a jej popis vybranými finančnými ukazovateľmi. Prejav tvorby opravných položiek k pohľadávkam vo výkaze cash flow. Peňažné účinné vysporiadanie pohľadávok po lehote splatnosti. | ||
| 610 | 2 | 0 | |a pohľadávky |
| 610 | 2 | 0 | |a majetok obežný |
| 610 | 2 | 0 | |a vzťahy obchodné |
| 610 | 2 | 0 | |a závierka účtovná |
| 610 | 2 | 0 | |a položky opravné |
| 610 | 2 | 0 | |a ukazovatele finančné |
| 610 | 2 | 0 | |a výkazy účtovné |
| 610 | 2 | 0 | |a cash flow |
| 610 | 2 | 0 | |a odpisy |
| 100 | 1 | |a Šnircová, Jana, 1971- | |